| 000 | 01042nam a2200313Ia 4500 | ||
|---|---|---|---|
| 001 | dia_4995 | ||
| 003 | CHAP | ||
| 005 | 20251021150734.0 | ||
| 008 | 220601s9999 xx 000 0 und d | ||
| 020 | _a84-234-2381-6 | ||
| 040 | _cCHAP | ||
| 082 | _a658.1 H36 2006 | ||
| 100 |
_aHandy, Charles B. _9176189 |
||
| 245 | _aLa organización, por dentro : por qué las personas y las organizaciones se comportan como lo hacen / Charles Handy ; ilustrador Gray Jolliffe | ||
| 260 | _aEspaña : Deusto | ||
| 300 | _a238 p. | ||
| 440 |
_aLíderes del management _9157240 |
||
| 500 | _aTítulo original: Inside organizations. 21 ideas for managers | ||
| 503 | _aI. 253778 \ I. 253779 | ||
| 590 | _aHD31 H36 2006 | ||
| 650 |
_a1. Administración _9146957 |
||
| 650 |
_aComportamiento organizacional _9157271 |
||
| 650 |
_aManagement _9149975 |
||
| 700 |
_aJolliffe, Gray, il.Ì _9176191 |
||
| 901 | _a658.1 H36 2006 | ||
| 902 | _aA | ||
| 905 | _a5222272006 sp a 8222223322spa16 | ||
| 942 |
_cLIBRO _2ddc |
||
| 999 |
_c209567 _d209567 |
||